Préfectures par population - Statistiques

Statistiques générales
  • Ce quiz a été pris 32 fois
  • Le résultat moyen est 67 sur 101
Statistiques - réponses
Classement Population Rang dans le département Département Nom de la préfecture % Correct
3 520 000 1 Rhône (69) Lyon
100%
1 2 113 000 1 Paris (75) Paris
100%
2 877 000 1 Bouches-du-Rhône (13) Marseille
96%
9 265 000 1 Gironde (33) Bordeaux
92%
10 238 000 1 Nord (59) Lille
92%
7 307 000 1 Hérault (34) Montpellier
92%
6 525 000 1 Loire-Atlantique (44) Nantes
92%
5 353 000 1 Alpes-Maritimes (06) Nice
92%
8 291 000 1 Bas-Rhin (67) Strasbourg
92%
16 156 000 1 Isère (38) Grenoble
88%
17 156 000 1 La Réunion (974) Saint-Denis
88%
4 511 000 1 Haute-Garonne (31) Toulouse
88%
39 75 000 1 Corse-du-Sud (2A) Ajaccio
83%
60 47 000 1 Haute-Corse (2B) Bastia
83%
14 159 000 1 Côte d'Or (21) Dijon
83%
25 121 000 1 Moselle (57) Metz
83%
38 78 000 1 Pyrénées-Atlantiques (64) Pau
83%
11 227 000 1 Ille-et-Vilaine (35) Rennes
83%
13 172 000 1 Loire (42) Saint-Etienne
83%
30 108 000 1 Calvados (14) Caen
79%
19 147 000 1 Puy-de-Dôme (63) Clermont-Ferrand
79%
12 180 000 1 Var (83) Toulon
79%
57 50 000 1 Tarn (81) Albi
75%
23 131 000 1 Haute-Savoie (74) Annecy
75%
43 67 000 2 Haut-Rhin (68) Colmar
75%
18 150 000 1 Gard (30) Nîmes
75%
26 120 000 1 Pyrénées-Orientales (66) Perpignan
75%
29 116 000 2 Seine-Maritime (76) Rouen
75%
36 83 000 1 Yvelines (78) Versailles
75%
15 157 000 1 Maine-et-Loire (49) Angers
71%
34 91 000 1 Vaucluse (84) Avignon
71%
63 45 000 1 Territoire de Belfort (90) Belfort
71%
48 63 000 1 Guyane (973) Cayenne
71%
51 60 000 1 Savoie (73) Chambéry
71%
40 75 000 1 Martinique (972) Fort-de-France
71%
37 79 000 1 Charente-Maritime (17) La Rochelle
71%
20 145 000 1 Sarthe (72) Le Mans
71%
31 104 000 1 Meurthe-et-Moselle (54) Nancy
71%
28 116 000 1 Loiret (45) Orléans
71%
46 64 000 1 Drôme (26) Valence
71%
22 134 000 1 Somme (80) Amiens
67%
27 120 000 1 Doubs (25) Besançon
67%
47 64 000 1 Cher (18) Bourges
67%
62 46 000 2 Aude (11) Carcassonne
67%
59 48 000 1 Eure (27) Evreux
67%
44 66 000 1 Essone (91) Evry-Courcouronnes
67%
58 49 000 1 Mayenne (53) Laval
67%
24 129 000 1 Haute-Vienne (87) Limoges
67%
35 89 000 1 Vienne (86) Poitiers
67%
50 62 000 1 Aube (10) Troyes
67%
70 42 000 2 Pas-de-Calais (62) Arras
63%
33 92 000 2 Val-de-Marne (94) Créteil
63%
56 54 000 1 Vendée (85) La Roche-sur-Yon
63%
80 31 000 1 Landes (40) Mont-de-Marsan
63%
32 98 000 2 Hauts-de-Seine (92) Nanterre
63%
81 29 000 1 Dordogne (24) Périgueux
63%
45 64 000 2 Finistère (29) Quimper
63%
84 24 000 1 Aveyron (12) Rodez
63%
65 44 000 1 Côtes d'Armor (22) Saint-Brieuc
63%
21 138 000 1 Indre-et-Loire (37) Tours
63%
55 55 000 2 Morbihan (56) Vannes
63%
53 55 000 1 Oise (60) Beauvais
58%
88 19 000 1 Lot (46) Cahors
58%
68 43 000 2 Marne (51) Châlons-en-Champagne
58%
64 45 000 1 Ardennes (08) Charleville-Mézières
58%
78 32 000 1 Vosges (88) Epinal
58%
73 40 000 1 Hautes-Alpes (05) Gap
58%
91 18 000 1 Haute-Loire (43) Le Puy-en-Velay
58%
41 71 000 1 Mayotte (976) Mamoudzou
58%
96 13 000 2 Corrèze (19) Tulle
58%
79 32 000 1 Lot-et-Garonne (47) Agen
54%
86 22 000 1 Gers (32) Auch
54%
82 26 000 1 Cantal (15) Aurillac
54%
75 35 000 1 Yonne (89) Auxerre
54%
61 47 000 1 Loir-et-Cher (41) Blois
54%
54 55 000 9 Seine-Saint-Denis (93) Bobigny
54%
69 43 000 1 Indre (36) Châteauroux
54%
67 43 000 3 Seine-et-Marne (77) Melun
54%
52 60 000 1 Deux-Sèvres (79) Niort
54%
89 19 000 2 Manche (50) Saint-Lô
54%
66 44 000 1 Hautes-Pyrénées (65) Tarbes
54%
83 25 000 1 Orne (61) Alençon
50%
72 41 000 1 Charente (16) Angoulême
50%
95 14 000 2 Meuse (55) Bar-le-Duc
50%
100 9 000 14 Guadeloupe (971) Basse-Terre
50%
42 69 000 2 Val-d'Oise (95) Cergy
50%
74 37 000 1 Eure-et-Loir (28) Chartres
50%
92 17 000 2 Alpes-de-Haute-Provence (04) Digne-les-Bains
50%
97 12 000 1 Creuse (23) Guéret
50%
76 34 000 2 Saône-et-Loire (71) Mâcon
50%
77 33 000 1 Nièvre (58) Nevers
50%
71 42 000 1 Ain (01) Bourg-en-Bresse
46%
99 9 000 2 Ariège (09) Foix
46%
85 24 000 3 Aisne (02) Laon
46%
93 16 000 2 Jura (39) Lons-le-Saunier
46%
98 12 000 1 Lozère (48) Mende
46%
49 62 000 1 Tarn-et-Garonne (82) Montauban
46%
90 19 000 3 Allier (03) Moulins
46%
101 8 000 6 Ardèche (07) Privas
46%
87 21 000 2 Haute-Marne (52) Chaumont
42%
94 15 000 1 Haute-Saône (70) Vesoul
42%
Aucun quiz correspondant
Distribution des résultats
% des personnes avec chaque résultat
Percentile par nombre de réponses
Votre historique - résultats
Vous n’avez pas pris ce quiz